Japan, from prehistory to modern times / (Record no. 54367)
[ view plain ]
| 000 -LEADER | |
|---|---|
| fixed length control field | 00836nam a2200241 a 4500 |
| 001 - CONTROL NUMBER | |
| control field | 54367 |
| 003 - CONTROL NUMBER IDENTIFIER | |
| rucl marc code | BD-RjUL |
| 005 - DATE AND TIME OF LATEST TRANSACTION | |
| control field | 20211209080117.0 |
| 008 - FIXED-LENGTH DATA ELEMENTS--GENERAL INFORMATION | |
| fixed length control field | 161106r19911968nyuab b s001 0 eng |
| 020 ## - INTERNATIONAL STANDARD BOOK NUMBER | |
| International Standard Book Number | 0939512548 (alk. paper) |
| 035 ## - SYSTEM CONTROL NUMBER | |
| System control number | (BD-RjUL)54489) |
| 040 ## - CATALOGING SOURCE | |
| Original cataloging agency | DLC |
| Transcribing agency | DLC |
| Modifying agency | DLC |
| Language of cataloging | eng |
| 041 ## - LANGUAGE CODE | |
| Language code of text/sound track or separate title | eng |
| 082 00 - DEWEY DECIMAL CLASSIFICATION NUMBER | |
| Edition number | 23 |
| Classification number | 952 |
| Author mark and year | HAJ 1991 |
| 100 1# - MAIN ENTRY--PERSONAL NAME | |
| Personal name | Hall, John Whitney, |
| Dates associated with a name | 1916- |
| 9 (RLIN) | 162250 |
| 245 10 - TITLE STATEMENT | |
| Title | Japan, from prehistory to modern times / |
| Statement of responsibility, etc. | by John Whitney Hall. |
| 260 ## - PUBLICATION, DISTRIBUTION, ETC. (IMPRINT) | |
| Place of publication, distribution, etc. | Ann Arbor, Michigan. : |
| Name of publisher, distributor, etc. | Center for Japanese Studies, University of Michigan, |
| Date of publication, distribution, etc. | c1968[Reprinted1991] |
| 300 ## - PHYSICAL DESCRIPTION | |
| Pagination | xi, 397 p. : |
| Illustrations | ill. ; |
| Size | 23 cm. |
| 500 ## - GENERAL NOTE | |
| General note | Reprint. Originally published: New York : Delacorte Press, 1970. |
| 504 ## - BIBLIOGRAPHY, ETC. NOTE | |
| Bibliography, etc | Includes bibliographical references and index. |
| 651 #0 - SUBJECT ADDED ENTRY--GEOGRAPHIC NAME | |
| Geographic name | Japan |
| General subdivision | History. |
| 9 (RLIN) | 162251 |
| 942 ## - ADDED ENTRY ELEMENTS (KOHA) | |
| Source of classification or shelving scheme | Dewey Decimal Classification |
| Koha item type | Books |
| Lost status | Source of classification or shelving scheme | Damaged status | Not for loan | Collection code | Permanent Location | Current Location | Shelving location | Date acquired | Source of acquisition | Total Checkouts | Full call number | Date last seen | Copy number | Koha item type |
|---|---|---|---|---|---|---|---|---|---|---|---|---|---|---|
| Dewey Decimal Classification | Non-fiction | Central Library, University of Rajshahi | Central Library, University of Rajshahi | 12/02/2002 | Japan Foundation | 952 HAJ 1991 | 06/11/2016 | C-2 | Books |